| 000 | 01147nad a22002773uc4500 | ||
|---|---|---|---|
| 001 | DHIM2023022716080031 | ||
| 003 | RU-10907106 | ||
| 005 | 20230906181646.0 | ||
| 008 | 230227b |||||||| |||| 00| 0 rus d | ||
| 040 |
_aRU-10907106 _bger _cRU-10907106 |
||
| 245 |
_aVoprosy vseobščej istorii _nVypusk 11 _pZapad, Vostok i Rossija : nacional'no-kul'turnaja identičnost' v istoričeskom kontekste |
||
| 264 |
_aEkaterinburg _bGOU VPO "Ural'skij gosudarstvennyj pedagogičeskij universitet" _c2009 |
||
| 300 | _a209 Seiten | ||
| 336 |
_2rdacontent _aText _btxt |
||
| 337 |
_2rdamedia _aOhne Hilfsmittel zu benutzen _bn |
||
| 338 |
_2rdacarrier _aBand _bnc |
||
| 490 | 0 |
_aVoprosy vseobščej istorii _vVypusk 11 |
|
| 650 | _aWeltgeschichte | ||
| 650 | _aInternationale Politik | ||
| 700 |
_4edt _aZemcov, Vladimir Nikolaevič _eHerausgeberIn _921046 |
||
| 700 |
_4edt _aKuz'min. Vadim Aleksandrovič _eHerausgeberIn _921047 |
||
| 700 |
_aSutyrin, B. V. _921048 _4edt _eHerausgeberIn |
||
| 710 |
_4isb _aUral'skij gosudarstvennyj pedagogičeskij universitet _eHerausgebendes Organ _921045 |
||
| 773 | 0 | 8 |
_qVypusk11 _wDHIM2023022715310033 |
| 942 |
_2z _cMG |
||
| 999 |
_c61815 _d61815 |
||